[Event "Aeroflot Open"]
[Site "Moscow RUS"]
[Date "2008.02.14"]
[Round "1"]
[White "Akopian,Vl"]
[Black "Mamedov,Rau"]
[Result "1/2-1/2"]
[WhiteElo "2700"]
[BlackElo "2583"]
[EventDate "2008.02.14"]

1. e4 c5 2. Nf3 Nc6 3. Bb5 g6 4. Bxc6 dxc6 5. d3 Bg7 6. h3 b6 7. O-O e5 8.
a3 a5 9. Be3 Ne7 10. Qd2 h6 11. Qc3 Qc7 12. Nbd2 O-O 13. Nc4 Be6 14. b4
axb4 15. axb4 Rxa1 16. Rxa1 Nd5 17. exd5 e4 18. Nd4 Bxd5 19. Nxb6 Qxb6 20.
bxc5 Qb7 21. dxe4 Bxe4 22. Qd2 Qb2 23. Ra4 Qb1+ 24. Kh2 g5 25. f3 Be5+ 26.
f4 Bb8 27. Ne6 gxf4 28. Bxf4 Qxc2 29. Qxc2 Bxc2 30. Rb4 Re8 1/2-1/2

[Event "Aeroflot Open"]
[Site "Moscow RUS"]
[Date "2008.02.14"]
[Round "1"]
[White "Timofeev,Arty"]
[Black "Balogh,C"]
[Result "1-0"]
[WhiteElo "2664"]
[BlackElo "2575"]
[EventDate "2008.02.14"]

1. d4 d5 2. c4 c6 3. Nf3 Nf6 4. e3 Bg4 5. Nc3 e6 6. h3 Bxf3 7. Qxf3 Bb4 8.
Bd3 Nbd7 9. O-O O-O 10. a3 Ba5 11. b4 Bc7 12. cxd5 cxd5 13. e4 e5 14. Bg5
h6 15. Bh4 g5 16. Bg3 exd4 17. Nxd5 Bxg3 18. Qxg3 Nxd5 19. exd5 Nf6 20. Qe5
Kg7 21. Qxd4 Qxd5 22. Qxd5 Nxd5 23. Be4 Nc3 24. Bxb7 Rab8 25. Ba6 Rb6 26.
Rfc1 Rxa6 27. Rxc3 Rd8 28. Ra2 Rd5 29. Re2 Rad6 30. Re7 a5 31. Rb7 axb4 32.
axb4 Rd1+ 33. Kh2 Rf6 34. Kg3 Rd2 35. Rf3 Rb2 36. b5 h5 37. Rxf6 Kxf6 38.
b6 Rb3+ 39. f3 h4+ 40. Kf2 Rb2+ 41. Ke3 Rxg2 42. Rc7 Rb2 43. b7 Kg6 44. Kd4
f6 45. Kc4 Rb1 46. Rd7 Rb2 47. Kc5 Rb3 48. Kc6 Rc3+ 49. Kd6 Rd3+ 50. Kc7
Rc3+ 51. Kd8 Rb3 52. Kc8 Kf5 53. b8=Q Rxb8+ 54. Kxb8 Kf4 55. Rd4+ Kg3 56.
Rg4+ Kxh3 57. Kc7 Kh2 58. Kd6 h3 59. Ke6 Kh1 60. Kf5 1-0

[Event "Aeroflot Open"]
[Site "Moscow RUS"]
[Date "2008.02.14"]
[Round "1"]
[White "Predojevic,B"]
[Black "Shomoev,A"]
[Result "1/2-1/2"]
[WhiteElo "2641"]
[BlackElo "2562"]
[EventDate "2008.02.14"]

1. e4 c5 2. Nc3 d6 3. g3 Nc6 4. Bg2 g6 5. d3 Bg7 6. Nge2 e5 7. h4 h6 8. Nd5
Nge7 9. c4 Bg4 10. f3 Be6 11. Be3 Nd4 12. Qd2 Nxe2 13. Kxe2 Nc6 14. Kf2 f5
15. Bh3 Qd7 16. Kg2 h5 17. a3 O-O 18. b4 Nd4 19. Raf1 Kh7 20. Qd1 Rf7 21.
Rf2 Raf8 22. Bxd4 cxd4 23. Rhf1 Bh6 24. exf5 Bxf5 25. Bxf5 Rxf5 26. Qe2 b5
27. cxb5 Qxb5 28. Qe4 R8f7 29. Rc2 Qa6 30. Rff2 Qxa3 31. g4 hxg4 32. fxg4
Rxf2+ 33. Rxf2 Rxf2+ 34. Kxf2 Qb2+ 35. Kg3 Qc1 36. g5 Qg1+ 37. Qg2 Qxg2+
38. Kxg2 Bf8 39. Kf3 Kg7 40. Ke4 a6 41. Nc7 d5+ 42. Kxd5 Bxb4 43. Nxa6 Be1
44. Nc5 Bxh4 45. Ne4 Be1 46. Kxe5 Bc3 47. Ke6 Bb2 48. Kd5 Kf7 49. Nd6+ Ke7
50. Nc4 Bc1 51. Ne5 Bxg5 52. Nxg6+ Kf6 53. Ne5 Be3 54. Nc6 Bf2 55. Nxd4 Bg1
56. Nf3 Bf2 57. d4 Bxd4 58. Ke4 1/2-1/2

[Event "Aeroflot Open"]
[Site "Moscow RUS"]
[Date "2008.02.14"]
[Round "1"]
[White "Najer,E"]
[Black "Pashikian,A"]
[Result "1-0"]
[WhiteElo "2634"]
[BlackElo "2556"]
[EventDate "2008.02.14"]

1. e4 e5 2. Nf3 Nc6 3. Nc3 Nf6 4. g3 Bc5 5. Bg2 d6 6. d3 a6 7. O-O O-O 8.
h3 h6 9. Be3 Bxe3 10. fxe3 Ne7 11. Nh4 Nh7 12. Rf2 g6 13. d4 c6 14. a4 b6
15. Qd3 Qc7 16. Rd1 b5 17. Nf3 Be6 18. dxe5 dxe5 19. Qd6 Qxd6 20. Rxd6 b4
21. Ne2 Ng5 22. Nxg5 hxg5 23. Nc1 a5 24. Rfd2 c5 25. Nd3 Rfc8 26. Nxe5 c4
27. Rd1 Kg7 28. Nf3 c3 29. b3 Rc6 30. e5 Rxd6 31. exd6 Rd8 32. e4 f6 33. e5
fxe5 34. Nxg5 Bxb3 35. cxb3 Rxd6 36. Bf3 Nf5 1-0

[Event "Aeroflot Open"]
[Site "Moscow RUS"]
[Date "2008.02.14"]
[Round "1"]
[White "Riazantsev,A"]
[Black "Nguyen Ngoc Truong Son"]
[Result "1/2-1/2"]
[WhiteElo "2628"]
[BlackElo "2551"]
[EventDate "2008.02.14"]

1. d4 Nf6 2. c4 c5 3. d5 e5 4. Nc3 d6 5. g3 Be7 6. Bg2 Nbd7 7. e4 a6 8. a4
b6 9. Nf3 Rb8 10. O-O h5 11. Rb1 Nh7 12. b4 h4 13. Be3 hxg3 14. hxg3 Ng5
15. Nxg5 Bxg5 16. f4 Bf6 17. Qd2 cxb4 18. Rxb4 a5 19. Rbb1 Ba6 20. Nb5 Bxb5
21. Rxb5 Rc8 22. Rc1 Nc5 23. Qc2 Nd7 1/2-1/2

[Event "Aeroflot Open"]
[Site "Moscow RUS"]
[Date "2008.02.14"]
[Round "1"]
[White "Zhou Jianchao"]
[Black "Volkov,Sergey1"]
[Result "1-0"]
[WhiteElo "2551"]
[BlackElo "2623"]
[EventDate "2008.02.14"]

1. d4 d5 2. c4 c6 3. Nf3 Nf6 4. Nc3 a6 5. c5 Nbd7 6. Bf4 Nh5 7. Bg5 h6 8.
Bd2 Nhf6 9. Bf4 g5 10. Bg3 Bg7 11. e3 Nh5 12. Bd3 Nxg3 13. hxg3 e6 14. Qc2
g4 15. Nd2 e5 16. Nb3 Qg5 17. Qd2 O-O 18. O-O-O Re8 19. f4 gxf3 20. gxf3
exd4 21. exd4 Qxd2+ 22. Kxd2 b6 23. Rde1 Kf8 24. Rxe8+ Kxe8 25. Re1+ Kf8
26. cxb6 Nxb6 27. Ne2 Na4 28. Rc1 Nxb2 29. Rxc6 a5 30. Nc5 Nxd3 31. Nxd3
Ba6 32. Ne5 a4 33. Nc3 a3 34. Rd6 Bc4 35. Nxc4 dxc4 36. Nb5 Kg8 37. Rd5 Bf8
38. Kc3 Ra6 39. Rf5 Re6 40. Kxc4 Re2 41. Nc3 Rd2 42. Ra5 Rf2 43. f4 Rg2 44.
f5 Rxg3 45. Ra8 f6 46. Ne4 Rf3 47. Nxf6+ Kf7 48. Nd7 Bg7 49. Ra7 Rxf5 50.
Nc5+ Kg6 51. Rxa3 h5 52. d5 Be5 53. Rd3 Rf6 54. Nd7 Rf4+ 55. Kb5 Bg7 56. d6
h4 57. Nc5 Rd4 58. d7 Rxd3 59. Nxd3 Bf6 60. a4 Kf7 61. a5 Ke7 62. a6 Bd4
63. Nc5 Bxc5 64. Kxc5 h3 65. a7 h2 66. a8=Q 1-0

[Event "Aeroflot Open"]
[Site "Moscow RUS"]
[Date "2008.02.14"]
[Round "1"]
[White "Asrian,K"]
[Black "Ionov,S"]
[Result "1-0"]
[WhiteElo "2621"]
[BlackElo "2546"]
[EventDate "2008.02.14"]

1. e4 e6 2. d4 d5 3. Nd2 c5 4. exd5 Qxd5 5. Ngf3 cxd4 6. Bc4 Qd6 7. O-O Nf6
8. Nb3 Nc6 9. Nbxd4 Nxd4 10. Nxd4 a6 11. Bb3 Qc7 12. Qf3 Bd6 13. h3 O-O 14.
Bg5 Nd7 15. c3 Ne5 16. Qe2 Ng6 17. Bc2 Bd7 18. Rad1 Rfe8 19. Qh5 Qc5 20.
Nb3 Qc7 21. Rd4 Bh2+ 22. Kh1 Be5 23. Rd2 Nf8 24. Rfd1 Bc6 25. Qh4 h6 26.
Be3 Bd5 27. Nc5 b5 28. Bb3 Bc6 29. Qg4 Kh8 30. Qh5 a5 31. a4 bxa4 32. Bxa4
Bxa4 33. Nxa4 Bf6 34. Nc5 Kg8 35. Nd7 Be7 36. Ne5 Bf6 37. Nd7 Be7 38. Qg4
Kh8 39. Nxf8 Bxf8 1-0

[Event "Aeroflot Open"]
[Site "Moscow RUS"]
[Date "2008.02.14"]
[Round "1"]
[White "Kotanjian,T"]
[Black "Aleksandrov,A"]
[Result "1/2-1/2"]
[WhiteElo "2545"]
[BlackElo "2618"]
[EventDate "2008.02.14"]

1. d4 d5 2. c4 e6 3. Nc3 Bb4 4. Nf3 Nf6 5. cxd5 exd5 6. Bg5 Nbd7 7. Rc1 c6
8. Qc2 O-O 9. e3 Qe8 10. Bd3 Ne4 11. a3 Bxc3+ 12. bxc3 b5 13. O-O Nb6 14.
Bf4 f6 15. Nd2 Bf5 16. Nb3 g5 17. Bc7 Qg6 18. g4 Bxg4 19. f3 Nc4 20. fxe4
Nxe3 21. Qb1 Nxf1 22. Rxf1 Bh3 23. exd5 Qf7 24. d6 Rae8 25. Nc5 Re3 26. Re1
Rf3 27. Be4 Rxc3 28. Bf5 Qd5 29. Bxh3 Qxd4+ 30. Kh1 Rxh3 31. Qe4 Qxe4+ 32.
Rxe4 Rc3 33. Nd7 Rf7 34. Nb8 Rd3 35. Nxc6 Rd7 36. Nxa7 Rxa3 37. Nxb5 Rb3
38. Nd4 Rb4 39. Kg2 Kf7 40. Kf3 Rc4 41. Nb5 Rc2 42. h3 Rc5 43. Rb4 h5 44.
Ke4 h4 45. Kd4 Rcxc7 46. Nxc7 Rxd6+ 47. Ke4 Kg6 48. Rb8 Rd1 49. Nd5 f5+ 50.
Ke5 Re1+ 51. Kd6 g4 52. Rh8 gxh3 53. Rxh4 Rh1 1/2-1/2

[Event "Aeroflot Open"]
[Site "Moscow RUS"]
[Date "2008.02.14"]
[Round "1"]
[White "Guseinov,G"]
[Black "Frolyanov,D"]
[Result "1-0"]
[WhiteElo "2617"]
[BlackElo "2544"]
[EventDate "2008.02.14"]

1. e4 e5 2. Nf3 Nf6 3. d4 Nxe4 4. Bd3 Nc6 5. Nxe5 Nxe5 6. dxe5 d5 7. exd6
Nxd6 8. O-O Be7 9. Qh5 Be6 10. Nc3 g6 11. Qf3 O-O 12. Bh6 Re8 13. Qf4 Nf5
14. Bxf5 Bxf5 15. Rad1 Bd6 16. Qd4 Be5 17. Qa4 Qf6 18. Nd5 Qc6 19. Qh4 Bxc2
20. Rd2 Be4 21. Ne7+ Rxe7 22. Qxe7 Bf6 23. Qa3 Bxg2 24. Rfd1 Re8 25. Re2
Ra8 26. Rde1 Bg7 27. Qxa7 Rd8 28. Rd2 Rf8 29. Bxg7 Bh3 30. f3 Qxf3 31. Be5
Re8 32. Qf2 1-0

[Event "Aeroflot Open"]
[Site "Moscow RUS"]
[Date "2008.02.14"]
[Round "1"]
[White "Grachev,B"]
[Black "Romanov,E"]
[Result "1-0"]
[WhiteElo "2601"]
[BlackElo "2543"]
[EventDate "2008.02.14"]

1. Nf3 d5 2. d4 Nf6 3. c4 c6 4. e3 Bf5 5. Be2 e6 6. O-O Nbd7 7. b3 h6 8.
Bb2 Be7 9. h3 O-O 10. Nbd2 Ne4 11. a3 Nxd2 12. Nxd2 Bf6 13. b4 e5 14. Nf3
e4 15. Nd2 dxc4 16. Nxc4 Nb6 17. a4 Nxc4 18. Bxc4 a6 19. b5 cxb5 20. axb5
a5 21. Ba3 Be7 22. Qh5 Bd7 23. Bd5 Bxa3 24. Rxa3 Qe7 25. Rfa1 Bxb5 26. Rxa5
Rxa5 27. Rxa5 Bd3 28. Qf5 b6 29. Ra1 Rd8 30. g4 b5 31. Ra6 Rf8 32. Rb6 Kh8
33. Rb7 Qe8 34. h4 f6 35. h5 Bc2 36. Kg2 Bd3 37. Kg3 Bc2 38. Qg6 Qxg6 39.
hxg6 Bd3 40. Kf4 Re8 41. Bc6 1-0

[Event "Aeroflot Open"]
[Site "Moscow RUS"]
[Date "2008.02.14"]
[Round "1"]
[White "Le Quang Liem"]
[Black "Bocharov,D"]
[Result "1/2-1/2"]
[WhiteElo "2540"]
[BlackElo "2600"]
[EventDate "2008.02.14"]

1. d4 Nf6 2. Nf3 e6 3. c4 Bb4+ 4. Nbd2 O-O 5. a3 Be7 6. e4 d5 7. Qc2 c5 8.
dxc5 dxe4 9. Nxe4 Nxe4 10. Qxe4 Nc6 11. b4 f5 12. Qe3 e5 13. Bb2 e4 14. Rd1
Qe8 15. Nd4 Bf6 16. g3 a5 17. b5 Ne5 18. Be2 Qf7 19. O-O Bd7 20. Qc1 Rac8
21. a4 f4 22. Qxf4 Nxc4 23. Ba1 Rxc5 24. Nb3 Rcc8 25. Bxf6 gxf6 26. Bxc4
Rxc4 27. Nxa5 Rxa4 28. Nxb7 Bxb5 29. Nd6 Qh5 30. Rfe1 Be2 31. Rd2 Bf3 32.
Nxe4 Bxe4 33. Rxe4 Rxe4 34. Qxe4 Re8 35. Qc6 Qe5 36. Rd6 Kf7 37. Qc4+ Kf8
38. Qd3 Kg7 39. Rd4 Qe6 40. Rh4 f5 41. Rc4 Re7 42. h3 Qe2 43. Qc3+ Qe5 44.
Qf3 h6 45. Rf4 Kg6 46. Kg2 Rd7 47. Qc6+ Qd6 48. Qc8 Qd5+ 49. Kh2 Re7 50.
Rc4 Re2 51. Rg4+ Kh5 52. Rf4 Kg6 53. g4 Rxf2+ 54. Rxf2 Qd6+ 55. Kg2 Qd5+
56. Rf3 Qd2+ 57. Kg3 Qe1+ 58. Rf2 Qe5+ 59. Kg2 Qd5+ 60. Kg1 Qd1+ 61. Rf1
Qd4+ 62. Kg2 Qd2+ 63. Kg3 Qe3+ 64. Kg2 Qd2+ 65. Kg1 Qd4+ 66. Rf2 Qd1+ 67.
Kh2 Qd6+ 1/2-1/2

[Event "Aeroflot Open"]
[Site "Moscow RUS"]
[Date "2008.02.14"]
[Round "1"]
[White "Nepomniachtchi,I"]
[Black "Andriasian,Z"]
[Result "1-0"]
[WhiteElo "2600"]
[BlackElo "2532"]
[EventDate "2008.02.14"]

1. e4 c5 2. Nf3 Nc6 3. d4 cxd4 4. Nxd4 e5 5. Nb5 d6 6. N1c3 a6 7. Na3 b5 8.
Nd5 Nf6 9. Bg5 Be7 10. Bxf6 Bxf6 11. c4 b4 12. Nc2 a5 13. Qf3 Be6 14. Rd1
Be7 15. c5 O-O 16. Bb5 Na7 17. Ba4 Bxd5 18. Rxd5 Qc7 19. O-O Rad8 20. Rfd1
Nc6 21. Qd3 Nd4 22. Nxd4 exd4 23. c6 Bf6 24. Rc1 Ra8 25. g3 g6 26. Rb5 Rab8
27. Rxb8 Rxb8 28. Bb3 Kg7 29. Kg2 h5 30. h4 Rc8 31. Bd5 Qa7 32. Rc2 Qc7 33.
Qa6 Rb8 34. Rd2 Rb6 35. Qc4 Rb8 36. Rd3 Rf8 37. Rb3 Qb6 38. a3 Qc5 39. axb4
axb4 40. Qxb4 Qxb4 41. Rxb4 d3 42. Kf3 g5 43. hxg5 Bxg5 44. c7 f5 45. Rb8
1-0

[Event "Aeroflot Open"]
[Site "Moscow RUS"]
[Date "2008.02.14"]
[Round "1"]
[White "Azarov,S"]
[Black "Bindrich,F"]
[Result "1-0"]
[WhiteElo "2594"]
[BlackElo "2497"]
[EventDate "2008.02.14"]

1. e4 e5 2. Nf3 Nc6 3. Bb5 a6 4. Ba4 Nf6 5. O-O Be7 6. Re1 b5 7. Bb3 d6 8.
c3 O-O 9. h3 Nb8 10. d4 Nbd7 11. Nbd2 Bb7 12. Bc2 Re8 13. Nf1 Bf8 14. Ng3
g6 15. a4 Bg7 16. Bd3 c6 17. Bg5 Qe7 18. Qd2 Qf8 19. b4 h6 20. Be3 Kh7 21.
dxe5 dxe5 22. c4 bxa4 23. c5 a5 24. Rxa4 axb4 25. Rxb4 Bc8 26. Rc1 Rd8 27.
Rbb1 Ne8 28. Bc4 Qe7 29. Rd1 Bf8 30. h4 Nef6 31. h5 Ng4 32. Bg5 hxg5 33.
Nxg5+ Kg7 34. hxg6 fxg6 35. Ne6+ Kh8 36. Nxd8 Qxd8 37. Be6 Qh4 38. Bxg4
Qxg4 39. Rb3 Bxc5 40. Rf3 Kg8 41. Qc1 Qe6 42. Nh5 Bf8 43. Qg5 Kh7 44. Nf6+
Nxf6 45. Rxf6 Qg4 46. Rf7+ Bg7 47. Rxg7+ Kxg7 48. Qxe5+ Kh7 49. Rd8 g5 1-0

[Event "Aeroflot Open"]
[Site "Moscow RUS"]
[Date "2008.02.14"]
[Round "1"]
[White "Safarli,E"]
[Black "Lysyj,I"]
[Result "1/2-1/2"]
[WhiteElo "2496"]
[BlackElo "2593"]
[EventDate "2008.02.14"]

1. Nf3 Nf6 2. g3 d5 3. Bg2 c6 4. O-O Bg4 5. d3 e6 6. Nbd2 Nbd7 7. h3 Bh5 8.
e4 Be7 9. Qe1 O-O 10. Nh4 Ne8 11. f4 dxe4 12. dxe4 Bxh4 13. gxh4 e5 14. f5
Qb6+ 15. Kh2 Nef6 16. b3 Qa6 17. Nc4 b5 18. Nb2 Qc8 19. a4 a6 20. Qg3 Kh8
21. Rg1 c5 22. Nd3 c4 23. Bh1 Rg8 24. Nxe5 Nxe5 25. Qxe5 cxb3 26. Bb2 Qxc2+
27. Rg2 Rae8 28. Qg3 Qc8 29. axb5 axb5 30. Rag1 b4 31. Rd2 h6 32. e5 Nh7
33. Qf4 Qb8 34. Rd6 Rc8 35. Be4 Rc4 36. Rg2 Qc7 37. Rd4 Rxd4 38. Bxd4 Nf6
39. Bd3 Nd5 40. Qg3 f6 41. Rg1 Rd8 42. Bc4 b2 43. Bxb2 Nc3 44. exf6 Rd2+
45. Rg2 Qxg3+ 46. Kxg3 1/2-1/2

[Event "Aeroflot Open"]
[Site "Moscow RUS"]
[Date "2008.02.14"]
[Round "1"]
[White "Iordachescu,V"]
[Black "Cherniaev,A1"]
[Result "1-0"]
[WhiteElo "2586"]
[BlackElo "2491"]
[EventDate "2008.02.14"]

1. e4 g6 2. d4 Bg7 3. Nf3 d6 4. Bc4 a6 5. O-O e6 6. Re1 Ne7 7. c3 Nd7 8.
Nbd2 O-O 9. Bd3 b6 10. Nf1 e5 11. Ng3 c5 12. dxe5 Nxe5 13. Be2 Qc7 14. Bf4
h6 15. Qd2 g5 16. Bxe5 dxe5 17. h4 gxh4 18. Nxh4 Be6 19. Nh5 Kh7 20. g3 Bh8
21. Kg2 Rad8 22. Qe3 c4 23. Rad1 Rxd1 24. Rxd1 Rd8 25. Rh1 Qc6 26. Nf3 Ng8
27. Ng5+ Kg6 28. Nxe6 Qxe6 29. Rh4 Bf6 30. Bg4 1-0

[Event "Aeroflot Open"]
[Site "Moscow RUS"]
[Date "2008.02.14"]
[Round "1"]
[White "Al Sayed,Mohamad"]
[Black "Jussupow,Ar"]
[Result "0-1"]
[WhiteElo "2486"]
[BlackElo "2585"]
[EventDate "2008.02.14"]

1. d4 Nf6 2. c4 e6 3. g3 Bb4+ 4. Bd2 Be7 5. Bg2 d5 6. Nf3 O-O 7. O-O Nbd7
8. Qb3 Nb6 9. c5 Nc4 10. Qc2 Nxd2 11. Nbxd2 Bd7 12. Ne5 c6 13. b4 Ne8 14.
e3 Nc7 15. Rab1 Be8 16. a4 f6 17. Nd3 a6 18. Qc3 Bg6 19. Rb2 Re8 20. Nf4
Bf7 21. e4 e5 22. dxe5 fxe5 23. Nd3 Bf6 24. Bh3 Qe7 25. Rbb1 Rad8 26. Rbe1
Ne6 27. Bg2 Qd7 28. Nxe5 Bxe5 29. Qxe5 Nxc5 30. Qd4 Nxe4 31. Bxe4 dxe4 32.
Qxd7 Rxd7 33. Nxe4 Rd4 34. Nc5 Rxe1 35. Rxe1 Rxb4 36. Re7 b6 37. Nxa6 Rxa4
38. Nb8 Bd5 0-1

[Event "Aeroflot Open"]
[Site "Moscow RUS"]
[Date "2008.02.14"]
[Round "1"]
[White "Grigoriants,S RUS"]
[Black "Melkumyan,H"]
[Result "1-0"]
[WhiteElo "2583"]
[BlackElo "2485"]
[EventDate "2008.02.14"]

1. e4 e5 2. Nf3 Nc6 3. Bb5 a6 4. Ba4 Nf6 5. O-O Be7 6. Re1 b5 7. Bb3 d6 8.
c3 O-O 9. d4 Bg4 10. Be3 Bh5 11. h3 exd4 12. cxd4 d5 13. e5 Ne4 14. Nc3 Bb4
15. Nxd5 Bxe1 16. Qxe1 Bxf3 17. gxf3 Ng5 18. Kg2 Ne6 19. Rd1 Qh4 20. Qc3
Ncd8 21. Qd3 c6 22. Qe4 Qh5 23. Ne7+ Kh8 24. Qg4 Qxg4+ 25. hxg4 Ra7 26. Nc8
Rd7 27. Nd6 Nc7 28. f4 Nd5 29. Rc1 Nb6 30. f5 a5 31. a3 a4 32. Ba2 f6 33.
Bf4 fxe5 34. dxe5 Re7 35. e6 h6 36. Ne4 Nc8 37. Be5 Nf7 38. Bd4 Rd8 39. Bc5
Nfd6 40. Nxd6 Rxd6 41. Bxd6 Nxd6 42. Rxc6 Ne4 43. Kf3 1-0

[Event "Aeroflot Open"]
[Site "Moscow RUS"]
[Date "2008.02.15"]
[Round "2"]
[White "Iordachescu,V"]
[Black "Timofeev,Arty"]
[Result "1/2-1/2"]
[WhiteElo "2586"]
[BlackElo "2664"]
[EventDate "2008.02.14"]

1. e4 c5 2. Nf3 e6 3. d3 Nc6 4. g3 Nge7 5. h4 d5 6. Nbd2 e5 7. Bg2 Bg4 8.
O-O d4 9. a3 Ng6 10. Qe1 h5 11. Nh2 Be6 12. Ndf3 f6 13. Qe2 Bd6 14. Ne1 Nf8
15. f4 Nd7 16. Bf3 Bf7 17. Bg2 Be6 18. Bf3 Bf7 19. Bg2 b5 20. Bh3 Nb6 21.
Nhf3 Qc7 22. fxe5 Nxe5 23. Nxe5 Bxe5 24. Bf4 O-O 25. Bxe5 Qxe5 26. Qg2 Be6
27. Nf3 Qd6 28. Bxe6+ Qxe6 29. b4 Qd6 30. bxc5 Qxc5 31. Rf2 Nd7 32. Qh3
Rad8 33. Qe6+ Kh8 34. Raf1 Rfe8 35. Qb3 a6 36. Kg2 Re7 37. a4 b4 38. a5 Kh7
39. Rb1 Ne5 40. Qxb4 Qxb4 41. Rxb4 Nxf3 42. Kxf3 Re5 43. Ra4 Rc5 44. Kg2
Kg6 45. Kf1 Kf7 46. Ke1 Ke6 47. Kd2 Rd6 48. Rf1 Rdc6 49. Rxd4 Rxc2+ 50. Ke3
Rg2 51. Rf3 Rc5 52. Rb4 Kf7 53. Ra4 Rb5 54. Ra3 g5 55. hxg5 Rxg5 56. d4
R2xg3 57. d5 h4 58. Kd4 Rxf3 59. Rxf3 Rh5 60. Rh3 Ke7 61. Ke3 Kd6 62. Kf4
Ke7 63. Kg4 Re5 64. Kf4 Rh5 1/2-1/2

[Event "Aeroflot Open"]
[Site "Moscow RUS"]
[Date "2008.02.15"]
[Round "2"]
[White "Jussupow,Ar"]
[Black "Naiditsch,A"]
[Result "1/2-1/2"]
[WhiteElo "2585"]
[BlackElo "2638"]
[EventDate "2008.02.14"]

1. d4 Nf6 2. Nf3 e6 3. e3 b6 4. Bd3 Bb7 5. O-O Be7 6. b3 c5 7. Bb2 cxd4 8.
exd4 O-O 9. Nbd2 d6 10. c4 Nbd7 11. Re1 Re8 12. h3 Nf8 13. Re3 Ng6 14. Rc1
Rc8 15. Qf1 d5 16. Bb1 Ba6 17. g3 Bb4 18. a3 Bd6 19. Bd3 Bb7 20. Qe2 Qe7
21. Ra1 Bb8 22. Re1 dxc4 23. bxc4 b5 24. Bxg6 hxg6 25. d5 bxc4 26. dxe6
fxe6 27. Nxc4 Ba6 28. Nfd2 Rc6 29. Qf3 Rxc4 30. Nxc4 Bxc4 31. Qc6 Bd5 32.
Bxf6 Bxc6 33. Bxe7 Rxe7 34. Rxe6 Rxe6 35. Rxe6 Bd7 36. Re7 Bc6 37. Re6 Bd7
38. Re7 Bc6 1/2-1/2

[Event "Aeroflot Open"]
[Site "Moscow RUS"]
[Date "2008.02.15"]
[Round "2"]
[White "Evdokimov,Alexa"]
[Black "Asrian,K"]
[Result "1/2-1/2"]
[WhiteElo "2569"]
[BlackElo "2621"]
[EventDate "2008.02.14"]

1. d4 e6 2. c4 Bb4+ 3. Bd2 c5 4. Bxb4 cxb4 5. Nf3 Nf6 6. Nbd2 O-O 7. e3 d6
8. Qc2 Qe7 9. Bd3 e5 10. c5 exd4 11. cxd6 Qxd6 12. Nxd4 Nc6 13. Nxc6 Qxc6
14. O-O Qxc2 15. Bxc2 Be6 16. Nf3 a5 17. Nd4 Bd5 18. Rfd1 Rfc8 19. f3 a4
20. e4 Be6 21. b3 axb3 22. axb3 Ra3 23. Rac1 g6 24. e5 Nd5 25. Nxe6 fxe6
26. Bf5 Rxc1 27. Bxe6+ Kf8 28. Rxc1 Nc3 29. Re1 Ke7 30. Bg8 Ra8 31. Bc4 b5
32. Bd3 Ra3 33. h4 Rxb3 34. h5 gxh5 35. Bxh7 Nd5 36. Bg8 Re3 37. Rb1 Rxe5
38. Bxd5 Rxd5 39. Rxb4 Kd6 40. Kh2 Kc5 41. Rb1 b4 42. Kh3 Kc4 43. g4 b3 44.
Kh4 hxg4 45. fxg4 Kc3 46. g5 Kc2 47. Rg1 b2 48. g6 Rd8 49. Kg5 1/2-1/2

[Event "Aeroflot Open"]
[Site "Moscow RUS"]
[Date "2008.02.15"]
[Round "2"]
[White "Zhigalko,S"]
[Black "Guseinov,G"]
[Result "1/2-1/2"]
[WhiteElo "2558"]
[BlackElo "2617"]
[EventDate "2008.02.14"]

1. e4 c5 2. c3 g6 3. d4 cxd4 4. cxd4 d5 5. Nc3 dxe4 6. Bc4 Nf6 7. Qb3 e6 8.
d5 exd5 9. Nxd5 Bg7 10. Bg5 O-O 11. Rd1 Nbd7 12. Ne2 h6 13. Nxf6+ Bxf6 14.
Bxh6 1/2-1/2

[Event "Aeroflot Open"]
[Site "Moscow RUS"]
[Date "2008.02.15"]
[Round "2"]
[White "Feller,S"]
[Black "Azarov,S"]
[Result "1-0"]
[WhiteElo "2522"]
[BlackElo "2594"]
[EventDate "2008.02.14"]

1. d4 Nf6 2. c4 e6 3. Nc3 d5 4. cxd5 exd5 5. Bg5 Nbd7 6. e3 Be7 7. Qc2 O-O
8. Bd3 Re8 9. Nf3 Nf8 10. O-O c6 11. h3 Nh5 12. Bxe7 Qxe7 13. Ne5 Ng6 14.
f4 Nf8 15. Rfe1 Ng3 16. Rad1 f6 17. Nf3 Qf7 18. Kh2 Ne4 19. Nxe4 dxe4 20.
Bxe4 Be6 21. b3 Bd5 22. Bd3 Bxf3 23. gxf3 Kh8 24. Qf2 Rad8 25. Qg3 f5 26.
Qg5 g6 27. Bc4 Qg7 28. h4 b5 29. Bf1 Ne6 30. Qg3 Nc7 31. e4 Rxd4 32. exf5
Rxd1 33. Rxd1 Nd5 34. Re1 Rf8 35. fxg6 hxg6 36. f5 gxf5 37. Re6 Rf6 38.
Re8+ Rf8 39. Rxf8+ Qxf8 40. Qe5+ Qf6 41. Qxf6+ Nxf6 42. Kg3 Nd5 43. Bd3 Nb4
44. Bb1 c5 45. Kf4 Nd5+ 46. Kxf5 c4 47. bxc4 bxc4 48. a3 Nc3 49. Be4 Ne2
50. Ke5 c3 51. f4 Kg7 52. f5 a5 53. Bc2 Ng1 54. Kd4 Nf3+ 55. Kxc3 Nxh4 56.
Kb3 Nf3 57. Ka4 Nd4 58. Bd3 Nc6 59. Be4 1-0

[Event "Aeroflot Open"]
[Site "Moscow RUS"]
[Date "2008.02.15"]
[Round "2"]
[White "Maletin,P"]
[Black "Akopian,Vl"]
[Result "1/2-1/2"]
[WhiteElo "2573"]
[BlackElo "2700"]
[EventDate "2008.02.14"]

1. d4 Nf6 2. c4 e6 3. g3 c5 4. Nf3 cxd4 5. Nxd4 d5 6. Bg2 e5 7. Nf3 d4 8.
O-O Nc6 9. e3 Bc5 10. exd4 exd4 11. Nbd2 O-O 12. Nb3 Qb6 13. Bf4 Bg4 14. h3
Bh5 15. Nxc5 Qxc5 16. Qb3 b6 17. Qb5 Rad8 18. Rad1 d3 19. Qxc5 bxc5 20. g4
Bg6 21. Be3 Ne4 22. Nd2 Rfe8 23. Nxe4 Bxe4 24. Bxc5 Bxg2 25. Kxg2 Re2 26.
Rfe1 f6 27. b3 Rxa2 28. Re6 Ne5 29. Rd6 Rb8 30. b4 Rc8 31. Rd5 Kf7 32. Bd6
1/2-1/2

[Event "Aeroflot Open"]
[Site "Moscow RUS"]
[Date "2008.02.15"]
[Round "2"]
[White "Mamedov,Rau"]
[Black "Amonatov,F"]
[Result "1/2-1/2"]
[WhiteElo "2583"]
[BlackElo "2649"]
[EventDate "2008.02.14"]

1. e4 c6 2. d4 d5 3. Nd2 dxe4 4. Nxe4 Bf5 5. Ng3 Bg6 6. h4 h6 7. Nf3 Nd7 8.
h5 Bh7 9. Bd3 Bxd3 10. Qxd3 e6 11. Bd2 Ngf6 12. O-O-O Qc7 13. Qe2 O-O-O 14.
Ne5 Nb6 15. Ba5 Rd5 16. Bxb6 axb6 17. c4 Rd8 18. Kb1 c5 19. Nf3 Be7 20. Qc2
Qf4 21. d5 exd5 22. Qf5+ Qxf5+ 23. Nxf5 Bd6 24. cxd5 Kc7 25. g3 Rhg8 26. a4
Ne4 27. Rh4 Rde8 28. Nd2 Nxd2+ 29. Rxd2 Re5 30. Ne3 Rge8 31. Rg4 Rg8 32.
Rh4 Rge8 33. Rg4 Rg8 34. Rh4 1/2-1/2

[Event "Aeroflot Open"]
[Site "Moscow RUS"]
[Date "2008.02.15"]
[Round "2"]
[White "Nguyen Ngoc Truong Son"]
[Black "Predojevic,B"]
[Result "1-0"]
[WhiteElo "2551"]
[BlackElo "2641"]
[EventDate "2008.02.14"]

1. d4 d5 2. c4 c6 3. Nf3 Nf6 4. Nc3 dxc4 5. a4 Bf5 6. Ne5 Nbd7 7. Nxc4 Qc7
8. g3 e5 9. dxe5 Nxe5 10. Bf4 Nfd7 11. Bg2 g5 12. Ne3 gxf4 13. Nxf5 O-O-O
14. Qc2 Ng6 15. O-O Kb8 16. Rfc1 a5 17. b4 axb4 18. Nb5 Qe5 19. Nbd4 Bc5
20. Nb3 fxg3 21. hxg3 h5 22. Rab1 Ba7 23. e3 h4 24. Nbd4 Bxd4 25. Nxd4 c5
26. Rxb4 cxb4 27. Nc6+ Ka8 28. Nxe5 Ndxe5 29. a5 h3 30. a6 hxg2 31. axb7+
Ka7 32. Qc5+ 1-0

[Event "Aeroflot Open"]
[Site "Moscow RUS"]
[Date "2008.02.15"]
[Round "2"]
[White "Khalifman,A"]
[Black "Khismatullin,D"]
[Result "1/2-1/2"]
[WhiteElo "2638"]
[BlackElo "2564"]
[EventDate "2008.02.14"]

1. d4 Nf6 2. c4 e6 3. Nf3 d5 4. Nc3 Be7 5. Bg5 O-O 6. e3 h6 7. Bxf6 Bxf6 8.
Rc1 c6 9. Bd3 Nd7 10. O-O dxc4 11. Bxc4 e5 12. Ne4 exd4 13. Nxf6+ Nxf6 14.
Qxd4 Qe7 15. Qe5 Re8 16. Qxe7 Rxe7 17. Nd4 c5 18. Nb5 Bd7 19. Rfd1 1/2-1/2

[Event "Aeroflot Open"]
[Site "Moscow RUS"]
[Date "2008.02.15"]
[Round "2"]
[White "Shomoev,A"]
[Black "Riazantsev,A"]
[Result "1-0"]
[WhiteElo "2562"]
[BlackElo "2628"]
[EventDate "2008.02.14"]

1. e4 e5 2. Nf3 Nc6 3. Bb5 a6 4. Ba4 Nf6 5. O-O b5 6. Bb3 Bb7 7. c3 Nxe4 8.
d4 exd4 9. Re1 d5 10. Ng5 Qd7 11. Rxe4+ dxe4 12. Nxf7 Na5 13. Nxh8 Nxb3 14.
axb3 g6 15. cxd4 Bg7 16. Nxg6 hxg6 17. Nc3 Bxd4 18. Qe2 O-O-O 19. Bg5 Rf8
20. Rd1 Qf5 21. Rxd4 Qxg5 22. b4 Re8 23. Nd1 e3 24. fxe3 Kb8 25. Qg4 Qf6
26. h4 Qc6 27. Qe2 Qf6 28. Qf2 Qe7 29. Qg3 Qe6 30. Qg5 Bc6 31. Rd8+ Rxd8
32. Qxd8+ Kb7 33. Qd4 Qf5 34. Nc3 Qc2 35. Nd5 Qf5 36. e4 Qe6 37. Nf6 Qb3
38. Qc3 Qd1+ 39. Kh2 Qe2 40. Qe5 Qe1 41. Nd5 Qxh4+ 42. Kg1 Qe1+ 43. Kh2
Qh4+ 44. Kg1 Qd8 45. Kf2 Qd7 46. Kg3 Qd8 47. Kg4 Bd7+ 48. Kf4 Bc6 49. Qe7
Qc8 50. g4 Bd7 51. Nf6 Be6 52. Kg5 Kb8 53. e5 Kb7 54. Ne4 Kb8 55. Nc5 Bxg4
56. e6 Bf5 57. Qf6 Bxe6 58. Qxe6 Qxe6 59. Nxe6 Kb7 60. Kxg6 Kb6 61. Kf5 a5
62. Ke5 axb4 63. Kd5 Ka5 64. b3 Kb6 65. Nc5 Ka5 66. Nd7 1-0